[Event "Krakow op-A 34th"]
[Site "Krakow"]
[Date "2024.01.03"]
[Round "8"]
[White "Gaurav, Rajesh Zagade"]
[Black "Fishchuk, Vladyslav"]
[Result "1-0"]
[WhiteElo "2126"]
[BlackElo "2198"]
[PlyCount "53"]
[EventDate "2023.12.27"]
[EventType "swiss"]
[EventRounds "9"]
[EventCountry "POL"]
[SourceTitle "CB02_2024"]
[SourceDate "2024.01.10"]
[SourceVersion "1"]
[SourceVersionDate "2024.01.10"]
[SourceQuality "1"]

1. d4 d5 2. c4 e6 3. Nc3 Nf6 4. cxd5 exd5 5. Bg5 Bb4 6. e3 h6 7. Bh4 g5 8. Bg3 Ne4 9. a3 Bxc3+ 10. bxc3 Bf5 11. Qb3 c5 12. Qxb7 0-0 13. Bc7 Qd7 14. Bb5 Qc8 15. Qxa8 Qxc7 16. Qxd5 Qa5 17. Ne2 Nxc3 18. Qxf5 Ne4+ 19. Kf1 Nd2+ 20. Kg1 Qxb5 21. Ng3 Qb2 22. Rd1 c4 23. Nh5 Nd7 24. Qxd7 Ne4 25. Rf1 c3 26. Qc6 c2 27. Qxh6 1-0

[Event "Krakow op-A 34th"]
[Site "Krakow"]
[Date "2023.12.28"]
[Round "2"]
[White "Fodor, Balazs"]
[Black "Gaurav, Rajesh Zagade"]
[Result "1-0"]
[WhiteElo "2225"]
[BlackElo "2126"]
[PlyCount "81"]
[EventDate "2023.12.27"]
[EventType "swiss"]
[EventRounds "9"]
[EventCountry "POL"]
[SourceTitle "CB02_2024"]
[SourceDate "2024.01.10"]
[SourceVersion "1"]
[SourceVersionDate "2024.01.10"]
[SourceQuality "1"]

1. d4 d5 2. c4 e6 3. Nf3 a6 4. g3 dxc4 5. Bg2 Nc6 6. 0-0 Rb8 7. e3 b5 8. b3 cxb3 9. axb3 Nf6 10. Bb2 Bb7 11. Qe2 Nb4 12. Rc1 Be7 13. Nbd2 Ne4 14. Ba3 Nxd2 15. Qxd2 Nd5 16. Bxe7 Nxe7 17. Rc5 0-0 18. Ne5 Bxg2 19. Kxg2 f6 20. Nd3 Qd6 21. Rac1 Rb7 22. b4 Rd8 23. Qa2 Kf7 24. h4 g6 25. Nf4 Rd7 26. e4 Rb6 27. d5 exd5 28. exd5 Nf5 29. Rc6 Nxh4+ 30. Kf1 Qxb4 31. d6+ Kg7 32. Qe6 Rxd6 33. Qe7+ Kh6 34. Rxc7 Kg5 35. R7c5+ Kg4 36. Qe2+ Nf3 37. Kg2 Qb3 38. R5c3 Qf7 39. Qxf3+ Kg5 40. Qe3 Qb7+ 41. f3 1-0

[Event "Benidorm Bali op-A"]
[Site "Benidorm"]
[Date "2023.12.04"]
[Round "4"]
[White "Mitrabha, Guha"]
[Black "Gaurav, Rajesh Zagade"]
[Result "1/2-1/2"]
[WhiteElo "2508"]
[BlackElo "2126"]
[PlyCount "158"]
[EventDate "2023.12.01"]
[EventType "swiss"]
[EventRounds "9"]
[EventCountry "ESP"]
[SourceTitle "CB50_2023"]
[SourceDate "2023.12.13"]
[SourceVersion "1"]
[SourceVersionDate "2023.12.13"]
[SourceQuality "1"]

1. c4 e6 2. Nc3 d5 3. d4 a6 4. cxd5 exd5 5. Nf3 Nf6 6. Bg5 Be6 7. Qb3 Nbd7 8. e3 Rb8 9. Bd3 Bd6 10. 0-0 c6 11. h3 h6 12. Bf4 Qc7 13. Bxd6 Qxd6 14. Qc2 0-0 15. Na4 Rfe8 16. Nd2 b5 17. Nc3 c5 18. dxc5 Nxc5 19. Nf3 Rbc8 20. Qd1 Qd7 21. Ne2 Nfe4 22. Nf4 g5 23. Nh5 Nxd3 24. Qxd3 Bxh3 25. Qd4 f6 26. Qxe4 dxe4 27. Nxf6+ Kf7 28. Nxd7 Bxd7 29. Nd4 Rc7 30. f4 exf3 31. Rxf3+ Kg7 32. Raf1 Bg4 33. Rf6 Rxe3 34. Rxa6 Rd7 35. Nf5+ Bxf5 36. Rxf5 b4 37. Rb5 Re4 38. Rbb6 Rd1+ 39. Kh2 Rh4+ 40. Kg3 Rd3+ 41. Kf2 Rd7 42. Ra4 Rf4+ 43. Kg1 Rd1+ 44. Kh2 Rdd4 45. Ra7+ Rf7 46. Raa6 Rh4+ 47. Kg1 Rd7 48. Ra4 Rd1+ 49. Kf2 Rf4+ 50. Ke2 Rg1 51. Ra7+ Rf7 52. Rxf7+ Kxf7 53. Rxb4 Rxg2+ 54. Kf3 Rg1 55. a4 Ke7 56. Rb7+ Kd6 57. a5 Ra1 58. b4 h5 59. Rb5 Ra4 60. Ke4 h4 61. Rb6+ Kc7 62. Kd5 h3 63. Kc5 h2 64. Rh6 Ra2 65. Rh7+ Kd8 66. Kd6 Ke8 67. Ke6 Kd8 68. Kd6 Ke8 69. b5 Rxa5 70. b6 Rb5 71. Kc6 Rb2 72. b7 Rc2+ 73. Kd6 Rd2+ 74. Ke6 Re2+ 75. Kd5 Rb2 76. Kc6 Rc2+ 77. Kd6 Rd2+ 78. Ke6 Re2+ 79. Kf5 Rb2 1/2-1/2

[Event "Monsaraz op"]
[Site "Monsaraz"]
[Date "2023.11.26"]
[Round "7"]
[White "De Oliveira, Jairo Quintiliano"]
[Black "Gaurav, Rajesh Zagade"]
[Result "0-1"]
[WhiteElo "1857"]
[BlackElo "2099"]
[PlyCount "120"]
[EventDate "2023.11.21"]
[EventType "swiss"]
[EventRounds "9"]
[EventCountry "POR"]
[SourceTitle "CB49_2023"]
[SourceDate "2023.12.06"]
[SourceVersion "1"]
[SourceVersionDate "2023.12.06"]
[SourceQuality "1"]

1. e4 c5 2. Nf3 Nc6 3. d4 cxd4 4. Nxd4 e5 5. Nb5 d6 6. N1c3 a6 7. Na3 Be6 8. Nd5 Nf6 9. Bg5 Qa5+ 10. Bd2 Qd8 11. Bg5 Bxd5 12. exd5 Qa5+ 13. c3 Qxd5 14. Qxd5 Nxd5 15. 0-0-0 h6 16. Rxd5 hxg5 17. Nc4 0-0-0 18. a4 g6 19. g3 Kc7 20. Bg2 g4 21. h3 gxh3 22. Rxh3 Be7 23. Kd1 Rxh3 24. Bxh3 f5 25. Ke2 Bf6 26. Bg2 Ne7 27. Rd1 d5 28. Na3 e4 29. f3 Nc6 30. Nc2 Kb6 31. fxe4 dxe4 32. Rxd8 Bxd8 33. g4 Bg5 34. gxf5 gxf5 35. Nb4 Ne7 36. b3 Kc5 37. Kd1 a5 38. Nc2 Nd5 39. b4+ Kc4 40. bxa5 Nxc3+ 41. Ke1 Nxa4 42. Bf1+ Kc3 43. Na3 Bh4+ 44. Ke2 Kb4 45. Nc2+ Kxa5 46. Ne3 Nc3+ 47. Kd2 Bg5 48. Kxc3 Bxe3 49. Bh3 f4 50. Bf5 f3 51. Bxe4 f2 52. Bd3 b5 53. Kb3 Kb6 54. Kb4 Bd2+ 55. Kb3 Kc5 56. Kc2 Bf4 57. Kb3 b4 58. Bf1 Bd6 59. Kc2 Kd4 60. Kd2 b3 0-1

[Event "Monsaraz Rapid op"]
[Site "Monsaraz"]
[Date "2023.11.25"]
[Round "7"]
[White "Gaurav, Rajesh Zagade"]
[Black "Santos, Isabel Pereira Dos"]
[Result "1-0"]
[WhiteElo "2099"]
[BlackElo "1741"]
[PlyCount "71"]
[EventDate "2023.11.25"]
[EventType "swiss (rapid)"]
[EventRounds "9"]
[EventCountry "POR"]
[SourceTitle "CB48_2023"]
[SourceDate "2023.11.29"]
[SourceVersion "1"]
[SourceVersionDate "2023.11.29"]
[SourceQuality "1"]

1. d4 d5 2. c4 c6 3. Nc3 Nf6 4. e3 e6 5. Nf3 Nbd7 6. Be2 Be7 7. 0-0 0-0 8. b3 b6 9. Bb2 Bb7 10. Bd3 c5 11. cxd5 exd5 12. Rc1 Rc8 13. Ne5 cxd4 14. exd4 a6 15. Qe2 b5 16. f4 Re8 17. Kh1 Bd6 18. Qf3 Nf8 19. Bf5 Rc7 20. a3 Ne6 21. Rcd1 Qc8 22. b4 Qa8 23. Qh3 g6 24. Bb1 Bc8 25. Qf3 Ng7 26. Ba2 Bb7 27. g4 Bxe5 28. fxe5 Rxc3 29. Bxc3 Ne4 30. Qxf7+ Kh8 31. Be1 Ne6 32. Bh4 g5 33. Bg3 Qc8 34. Rc1 Qa8 35. Bb1 Nxd4 36. Rc7 1-0

[Event "Monsaraz Rapid op"]
[Site "Monsaraz"]
[Date "2023.11.25"]
[Round "4"]
[White "Gaurav, Rajesh Zagade"]
[Black "Sherman, Reem"]
[Result "0-1"]
[WhiteElo "2099"]
[BlackElo "2278"]
[PlyCount "60"]
[EventDate "2023.11.25"]
[EventType "swiss (rapid)"]
[EventRounds "9"]
[EventCountry "POR"]
[SourceTitle "CB48_2023"]
[SourceDate "2023.11.29"]
[SourceVersion "1"]
[SourceVersionDate "2023.11.29"]
[SourceQuality "1"]

1. d4 Nf6 2. c4 e6 3. Nf3 d5 4. g3 Be7 5. Bg2 0-0 6. 0-0 dxc4 7. Qc2 b5 8. a4 b4 9. Nbd2 Bb7 10. Nxc4 Be4 11. Qd2 Nbd7 12. b3 c5 13. Bb2 cxd4 14. Bxd4 Nc5 15. Qb2 Rc8 16. Rfd1 Qc7 17. Rac1 Rfd8 18. Nce5 Qb7 19. Bh3 h6 20. Bg2 Bd5 21. Bxc5 Bxc5 22. Ne1 Bxg2 23. Nxg2 Nd5 24. Nd3 Nc3 25. Re1 Bd4 26. Qd2 a5 27. Rc2 Bxf2+ 28. Kxf2 Ne4+ 29. Ke3 Nxd2 30. Kxd2 Rxc2+ 0-1

[Event "Monsaraz Rapid op"]
[Site "Monsaraz"]
[Date "2023.11.25"]
[Round "5"]
[White "Ishvi, Aggarwal"]
[Black "Gaurav, Rajesh Zagade"]
[Result "0-1"]
[WhiteElo "1765"]
[BlackElo "2099"]
[PlyCount "102"]
[EventDate "2023.11.25"]
[EventType "swiss (rapid)"]
[EventRounds "9"]
[EventCountry "POR"]
[SourceTitle "CB48_2023"]
[SourceDate "2023.11.29"]
[SourceVersion "1"]
[SourceVersionDate "2023.11.29"]
[SourceQuality "1"]

1. d4 Nf6 2. c4 g6 3. g3 Bg7 4. Bg2 0-0 5. Nc3 d6 6. Nf3 c6 7. 0-0 Bf5 8. Nd2 Be6 9. e4 Bg4 10. Qb3 Qc7 11. h3 Bc8 12. Nf3 Nbd7 13. Be3 e5 14. Rfd1 Re8 15. dxe5 dxe5 16. Rd2 Bf8 17. Qc2 Nc5 18. b4 Ne6 19. b5 Bc5 20. Bxc5 Nxc5 21. Rad1 Be6 22. Bf1 h6 23. Rd6 Nfd7 24. Qc1 Kg7 25. Qe3 f6 26. Ne1 a6 27. bxc6 bxc6 28. Nc2 Rab8 29. f4 Rb2 30. Qc1 Rbb8 31. Qa3 exf4 32. gxf4 Nb7 33. R6d2 Ndc5 34. Rf2 Rbd8 35. Rb1 Nd3 36. Bxd3 Rxd3 37. Qb3 Nc5 38. Qb6 Qxb6 39. Rxb6 Rxc3 40. Rxc6 Nxe4 41. Re2 Rxc4 42. Rxa6 Bxh3 43. Na3 Rc1+ 44. Kh2 Bg4 45. Ra7+ Kg8 46. Rb2 Nd6 47. Kg3 f5 48. Nc2 Rd1 49. Rb3 Rd2 50. Nb4 Ne4+ 51. Kh4 Rh2+ 0-1

[Event "Monsaraz op"]
[Site "Monsaraz"]
[Date "2023.11.22"]
[Round "2"]
[White "Utsab, Chatterjee"]
[Black "Gaurav, Rajesh Zagade"]
[Result "0-1"]
[WhiteElo "2302"]
[BlackElo "2099"]
[PlyCount "88"]
[EventDate "2023.11.21"]
[EventType "swiss"]
[EventRounds "9"]
[EventCountry "POR"]
[SourceTitle "CB49_2023"]
[SourceDate "2023.12.06"]
[SourceVersion "1"]
[SourceVersionDate "2023.12.06"]
[SourceQuality "1"]

1. e4 e5 2. Nf3 Nc6 3. Bb5 Nf6 4. d3 Bc5 5. Bxc6 dxc6 6. Nbd2 Be6 7. 0-0 Nd7 8. c3 f6 9. d4 Bd6 10. Qe2 Qe7 11. Nc4 0-0-0 12. Ne3 exd4 13. Nxd4 g6 14. f3 Bf7 15. Nc4 Bxc4 16. Qxc4 Rde8 17. a4 h5 18. b4 Ne5 19. Qe2 Qf7 20. f4 Nc4 21. Qd3 c5 22. Nb5 cxb4 23. cxb4 Bxb4 24. Nxa7+ Kb8 25. Nb5 Rd8 26. Qb3 Bc5+ 27. Kh1 Rd7 28. Rb1 c6 29. Nc3 Re8 30. Qc2 Bd4 31. Ne2 Bc5 32. a5 Rde7 33. e5 fxe5 34. f5 gxf5 35. Rxf5 Qh7 36. a6 Nd6 37. Ng3 Nxf5 38. Nxf5 Rd7 39. Bg5 Qg6 40. h4 Ba7 41. axb7 Rf8 42. Rf1 Rdf7 43. Ra1 Rxf5 44. Qe2 Qf7 0-1

[Event "Titled Tuesday intern op 12th Sep Early"]
[Site "Chess.com INT"]
[Date "2023.09.12"]
[Round "4"]
[White "Gaurav, Rajesh Zagade"]
[Black "Florendo, Joey Albert"]
[Result "0-1"]
[WhiteElo "2099"]
[BlackElo "2162"]
[PlyCount "60"]
[EventDate "2023.09.12"]
[EventType "swiss (blitz)"]
[EventRounds "11"]
[EventCountry "USA"]
[SourceTitle "EXT 2024"]
[Source "ChessBase"]
[SourceDate "2023.10.10"]
[SourceVersion "1"]
[SourceVersionDate "2023.10.10"]
[SourceQuality "1"]

1. e4 c6 2. d4 d5 3. exd5 cxd5 4. Bd3 Nc6 5. c3 Nf6 6. Bf4 Bg4 7. Qb3 Qd7 8. Nd2 e6 9. Ngf3 Bd6 10. Bxd6 Qxd6 11. 0-0 0-0 12. Rae1 Rab8 13. Ne5 Bh5 14. Qc2 b5 15. a3 a5 16. Re3 b4 17. axb4 axb4 18. f4 Rfc8 19. Nxc6 Qxc6 20. f5 bxc3 21. bxc3 exf5 22. Bxf5 Bg6 23. Bxg6 hxg6 24. Nf3 Qb6 25. Qd3 Ne4 26. Qc2 f5 27. Rc1 Rc7 28. Ne5 Rbc8 29. Qa2 Qxd4 30. Rce1 Rxc3 0-1

[Event "Titled Tuesday intern op 12th Sep Early"]
[Site "Chess.com INT"]
[Date "2023.09.12"]
[Round "9"]
[White "Gaurav, Rajesh Zagade"]
[Black "Jaskolka, Tomasz"]
[Result "1-0"]
[WhiteElo "2099"]
[BlackElo "2228"]
[PlyCount "155"]
[EventDate "2023.09.12"]
[EventType "swiss (blitz)"]
[EventRounds "11"]
[EventCountry "USA"]
[SourceTitle "EXT 2024"]
[Source "ChessBase"]
[SourceDate "2023.10.10"]
[SourceVersion "1"]
[SourceVersionDate "2023.10.10"]
[SourceQuality "1"]

1. e4 d5 2. exd5 Nf6 3. d4 Bg4 4. Be2 Bxe2 5. Nxe2 Qxd5 6. 0-0 e6 7. b3 c6 8. c4 Qh5 9. h3 Nbd7 10. Bf4 Be7 11. Nbc3 0-0 12. Ng3 Qxd1 13. Raxd1 Bb4 14. Nce4 Rfd8 15. Bc7 Rdc8 16. Bd6 Nxe4 17. Nxe4 Bxd6 18. Nxd6 Rc7 19. c5 Nf6 20. a3 a5 21. f4 Rd7 22. f5 exf5 23. Rxf5 Nd5 24. Re5 Kf8 25. Rde1 Nf6 26. g4 h6 27. Kg2 b6 28. Kg3 bxc5 29. dxc5 Rb8 30. R5e3 g6 31. h4 Kg7 32. Rf3 Nd5 33. Ref1 f6 34. Re1 Re7 35. Rxe7+ Nxe7 36. Re3 Nd5 37. Rd3 Rd8 38. Kf3 Rd7 39. h5 Re7 40. hxg6 Kxg6 41. Nf5 Re1 42. Nd4 Rc1 43. Nxc6 Rxc5 44. Rxd5 Rxc6 45. Rxa5 Rc3+ 46. Kf4 Rxb3 47. Ra8 Kf7 48. Ra7+ Ke6 49. Ra6+ Kf7 50. Ra7+ Kg6 51. Ra6 Rb1 52. a4 Rf1+ 53. Kg3 Rb1 54. Ra8 Rb4 55. Rg8+ Kf7 56. Ra8 Rc4 57. a5 Ra4 58. a6 Kg7 59. Ra7+ Kg6 60. Ra8 f5 61. gxf5+ Kxf5 62. a7 Ra3+ 63. Kf2 Ra2+ 64. Ke3 Ra3+ 65. Kd2 Ra2+ 66. Kc3 Ra3+ 67. Kb4 Ra1 68. Rf8+ Kg4 69. a8Q Rxa8 70. Rxa8 h5 71. Kc3 h4 72. Kd2 Kf3 73. Ke1 Kg2 74. Rg8+ Kh2 75. Kf2 Kh3 76. Rh8 Kg4 77. Kg2 Kf4 78. Kh3 1-0

[Event "Titled Tuesday intern op 12th Sep Early"]
[Site "Chess.com INT"]
[Date "2023.09.12"]
[Round "2"]
[White "Gaurav, Rajesh Zagade"]
[Black "Kokoszczynski, Jan"]
[Result "1-0"]
[WhiteElo "2099"]
[BlackElo "2232"]
[PlyCount "165"]
[EventDate "2023.09.12"]
[EventType "swiss (blitz)"]
[EventRounds "11"]
[EventCountry "USA"]
[SourceTitle "EXT 2024"]
[Source "ChessBase"]
[SourceDate "2023.10.10"]
[SourceVersion "1"]
[SourceVersionDate "2023.10.10"]
[SourceQuality "1"]

1. e4 e5 2. Nf3 Nc6 3. Bc4 Bc5 4. c3 Nf6 5. d3 d6 6. 0-0 a6 7. a4 Ba7 8. b4 h6 9. Nbd2 g5 10. Qe2 Ne7 11. d4 Ng6 12. Nb3 g4 13. Ne1 Qe7 14. Nd3 Be6 15. Bxe6 Qxe6 16. dxe5 Nxe5 17. Nxe5 dxe5 18. Na5 b6 19. Nc4 h5 20. b5 h4 21. Bg5 h3 22. g3 Rg8 23. Bxf6 Qxf6 24. Ne3 c6 25. Rfd1 Kf8 26. Nf5 Rg6 27. Rd6 Qg5 28. Rd7 cxb5 29. axb5 a5 30. Rad1 Kg8 31. Ne7+ Kh7 32. Nxg6 Kxg6 33. R1d6+ f6 34. Qe3 Qxe3 35. fxe3 a4 36. Rd1 Bb8 37. Ra1 a3 38. Kf2 Ra5 39. c4 Ra4 40. Rd3 a2 41. Rd2 Rxc4 42. Raxa2 Rxe4 43. Rac2 Ra4 44. Rd8 Ba7 45. Ra8 Kf5 46. Ke2 Ke4 47. Rac8 Kd5 48. Rd8+ Ke4 49. Rdc8 Kd5 50. R8c3 Ke4 51. Rc4+ Rxc4 52. Rxc4+ Kd5 53. Rc7 Bb8 54. Rf7 Ke6 55. Rb7 Bd6 56. Rxb6 Kd5 57. Ra6 e4 58. Ra8 f5 59. b6 Kc6 60. Rd8 Be5 61. Re8 Bd6 62. Re6 Kd7 63. Rf6 Bc5 64. Rxf5 Bxb6 65. Re5 Bc7 66. Rxe4 Bxg3 67. Rxg4 Bxh2 68. Rh4 Be5 69. Rxh3 Ke6 70. Kd3 Bf6 71. Rh6 Ke5 72. Rh5+ Ke6 73. Ra5 Be7 74. Ke4 Bd6 75. Ra6 Ke7 76. Rxd6 Kxd6 77. Kf5 Ke7 78. Ke5 Kd7 79. Kf6 Ke8 80. e4 Kf8 81. e5 Ke8 82. Ke6 Kd8 83. Kf7 1-0

[Event "Titled Tuesday intern op 12th Sep Early"]
[Site "Chess.com INT"]
[Date "2023.09.12"]
[Round "11"]
[White "Gaurav, Rajesh Zagade"]
[Black "Pourramezanali, Amirreza"]
[Result "1/2-1/2"]
[WhiteElo "2099"]
[BlackElo "2505"]
[PlyCount "101"]
[EventDate "2023.09.12"]
[EventType "swiss (blitz)"]
[EventRounds "11"]
[EventCountry "USA"]
[SourceTitle "EXT 2024"]
[Source "ChessBase"]
[SourceDate "2023.10.10"]
[SourceVersion "1"]
[SourceVersionDate "2023.10.10"]
[SourceQuality "1"]

1. e4 c6 2. d4 d5 3. exd5 cxd5 4. Bd3 Nf6 5. c3 Bg4 6. Qb3 Qc7 7. h3 Bd7 8. Ne2 Nc6 9. Bf4 e5 10. dxe5 Nxe5 11. Bb5 Bd6 12. Bxd7+ Qxd7 13. 0-0 0-0 14. Nd2 Qf5 15. Bxe5 Qxe5 16. Ng3 h5 17. Nf3 Qf4 18. Ne2 Qf5 19. Rad1 Rab8 20. Ned4 Qf4 21. Ne2 Qf5 22. Ned4 Qd7 23. Nb5 Bf4 24. Nxa7 b5 25. Qb4 Bd6 26. Qd4 Rb7 27. Nxb5 Qxb5 28. b4 Bb8 29. Rfe1 Rc7 30. Ne5 Rcc8 31. Re3 Qa4 32. Rd2 Qa3 33. Rg3 Bxe5 34. Qxe5 Qc1+ 35. Kh2 Qxd2 36. Qxf6 g6 37. f4 Qc2 38. f5 Kh7 39. fxg6+ fxg6 40. Qe7+ Kg8 41. Qe6+ Kg7 42. Qe5+ Kh6 43. Qe3+ Kg7 44. Qe5+ Kf7 45. Rf3+ Kg8 46. Qe6+ Kg7 47. Qe7+ Kg8 48. Qe6+ Kh8 49. Qe5+ Kh7 50. Qe7+ Kg8 51. Qe6+ 1/2-1/2

[Event "Titled Tuesday intern op 12th Sep Early"]
[Site "Chess.com INT"]
[Date "2023.09.12"]
[Round "6"]
[White "Royal, Shreyas"]
[Black "Gaurav, Rajesh Zagade"]
[Result "1-0"]
[WhiteElo "2407"]
[BlackElo "2099"]
[PlyCount "101"]
[EventDate "2023.09.12"]
[EventType "swiss (blitz)"]
[EventRounds "11"]
[EventCountry "USA"]
[SourceTitle "EXT 2024"]
[Source "ChessBase"]
[SourceDate "2023.10.10"]
[SourceVersion "1"]
[SourceVersionDate "2023.10.10"]
[SourceQuality "1"]

1. Nf3 Nf6 2. c4 c5 3. Nc3 b6 4. g3 Bb7 5. Bg2 e6 6. 0-0 Be7 7. d4 cxd4 8. Nxd4 Qc8 9. Qd3 a6 10. e4 d6 11. h3 Nbd7 12. b3 0-0 13. Bb2 Qc7 14. Rac1 Rac8 15. f4 Rfe8 16. Kh1 Qb8 17. Qe2 Qa8 18. Rfe1 Bf8 19. e5 Bxg2+ 20. Qxg2 Qxg2+ 21. Kxg2 dxe5 22. fxe5 Nh5 23. Rcd1 Nc5 24. Ne4 Nxe4 25. Rxe4 g6 26. g4 Ng7 27. Re3 Red8 28. Red3 Ne8 29. Kf3 Bc5 30. Ke4 Nc7 31. Nc6 Rxd3 32. Rxd3 b5 33. b4 Bf8 34. Rd7 bxc4 35. Na7 Rb8 36. Rxc7 Rxb4 37. Bc3 Ra4 38. Rc8 Kg7 39. Nc6 Rxa2 40. Rc7 Rc2 41. Kd4 Rh2 42. Nd8 Rxh3 43. Nxf7 Rh4 44. Ng5+ Kg8 45. Nxe6 Rxg4+ 46. Kd5 Rg3 47. Rc8 Rf3 48. Bb4 g5 49. Bxf8 Kf7 50. Nxg5+ Kg6 51. Nxf3 1-0

[Event "Titled Tuesday intern op 05th Sep Early"]
[Site "Chess.com INT"]
[Date "2023.09.05"]
[Round "8"]
[White "Gaurav, Rajesh Zagade"]
[Black "Ambartsumova, Karina"]
[Result "1-0"]
[WhiteElo "2099"]
[BlackElo "2418"]
[PlyCount "141"]
[EventDate "2023.09.05"]
[EventType "swiss (blitz)"]
[EventRounds "11"]
[EventCountry "USA"]
[SourceTitle "EXT 2024"]
[Source "ChessBase"]
[SourceDate "2023.10.10"]
[SourceVersion "1"]
[SourceVersionDate "2023.10.10"]
[SourceQuality "1"]

1. e4 e5 2. Nf3 Nc6 3. Bc4 Nf6 4. d3 h6 5. Nc3 d6 6. h3 g5 7. Be3 Bg7 8. Qd2 Be6 9. Bxe6 fxe6 10. d4 exd4 11. Nxd4 Qd7 12. 0-0-0 a6 13. f3 0-0-0 14. Qe2 Nh5 15. Qc4 Nxd4 16. Bxd4 Bxd4 17. Qxd4 Nf4 18. Qa7 Qc6 19. g3 Ng6 20. Rhf1 Rhf8 21. Ne2 e5 22. Nc3 Ne7 23. Rd3 Qb6 24. Qxb6 cxb6 25. Rfd1 Kc7 26. Ne2 Rf6 27. f4 Rff8 28. f5 Ng8 29. Rc3+ Kb8 30. Rcd3 Kc7 31. Nc3 Nf6 32. g4 b5 33. a3 b6 34. Nd5+ Nxd5 35. Rxd5 Rf6 36. Kd2 Kc6 37. Ke3 Rc8 38. c3 Re8 39. Kf3 Kc7 40. Kg3 Rc8 41. h4 gxh4+ 42. Kxh4 Rg8 43. Rg1 Kc6 44. Rd3 Rff8 45. Rgd1 Rf6 46. Rh3 Rg5 47. Kg3 Kc5 48. b3 Kc6 49. Rdh1 Rf8 50. Rxh6 Rfg8 51. R1h4 a5 52. R6h5 R5g7 53. Kf3 Kc5 54. Rh6 d5 55. exd5 Kxd5 56. Rxb6 e4+ 57. Kf4 Re7 58. Rxb5+ Kc6 59. Rxa5 e3 60. Rh1 e2 61. Re1 Rd8 62. Kf3 Rd3+ 63. Kf2 Rxc3 64. Ra6+ Kb5 65. Re6 Rg7 66. R1xe2 Rxg4 67. R2e5+ Rc5 68. Rxc5+ Kxc5 69. Kf3 Rg1 70. f6 Re1 71. Rxe1 1-0

[Event "Titled Tuesday intern op 05th Sep Early"]
[Site "Chess.com INT"]
[Date "2023.09.05"]
[Round "11"]
[White "Gaurav, Rajesh Zagade"]
[Black "Eames, Robert"]
[Result "0-1"]
[WhiteElo "2099"]
[BlackElo "2151"]
[PlyCount "90"]
[EventDate "2023.09.05"]
[EventType "swiss (blitz)"]
[EventRounds "11"]
[EventCountry "USA"]
[SourceTitle "EXT 2024"]
[Source "ChessBase"]
[SourceDate "2023.10.10"]
[SourceVersion "1"]
[SourceVersionDate "2023.10.10"]
[SourceQuality "1"]

1. e4 c5 2. Nf3 g6 3. c3 Nc6 4. d4 d5 5. e5 Bg4 6. Be2 cxd4 7. cxd4 e6 8. 0-0 Qb6 9. Be3 Nge7 10. Nc3 Nf5 11. Na4 Qd8 12. Qb3 Bxf3 13. Bxf3 Nxe3 14. fxe3 Rb8 15. Rac1 Be7 16. Nc5 0-0 17. Nd3 Bg5 18. Nf2 Na5 19. Qd3 Nc4 20. Rfe1 Nxb2 21. Qb3 Nc4 22. Ng4 h5 23. Nf2 b5 24. Qd3 Qa5 25. Nh3 Bh6 26. Nf4 Bxf4 27. exf4 Qd2 28. Qxd2 Nxd2 29. Be2 Nc4 30. Rb1 a5 31. Rb3 Rfc8 32. Kf2 b4 33. Rc1 Nd2 34. Rxc8+ Rxc8 35. Rb2 Ne4+ 36. Kg1 Rc1+ 37. Bf1 a4 38. g3 a3 39. Re2 Nc3 40. Rd2 Ra1 41. Kg2 Rxa2 42. Rxa2 Nxa2 43. Bd3 Nc1 44. Bb1 a2 45. Bxa2 Nxa2 0-1

[Event "Titled Tuesday intern op 05th Sep Early"]
[Site "Chess.com INT"]
[Date "2023.09.05"]
[Round "10"]
[White "Kopczynski, Michal"]
[Black "Gaurav, Rajesh Zagade"]
[Result "1/2-1/2"]
[WhiteElo "2225"]
[BlackElo "2099"]
[PlyCount "152"]
[EventDate "2023.09.05"]
[EventType "swiss (blitz)"]
[EventRounds "11"]
[EventCountry "USA"]
[SourceTitle "EXT 2024"]
[Source "ChessBase"]
[SourceDate "2023.10.10"]
[SourceVersion "1"]
[SourceVersionDate "2023.10.10"]
[SourceQuality "1"]

1. e4 c6 2. d4 d5 3. Nc3 dxe4 4. Nxe4 Nf6 5. Ng3 h5 6. Bd3 Qxd4 7. Nf3 Qd8 8. Bg5 Bg4 9. h3 Bxf3 10. Qxf3 Qd5 11. Qe3 Nbd7 12. Rd1 Qe5 13. 0-0 Qxe3 14. Bxe3 e6 15. f4 Bc5 16. Bxc5 Nxc5 17. f5 h4 18. Ne2 e5 19. Bc4 b5 20. b4 Na6 21. Bb3 Nxb4 22. Nc3 0-0 23. Rd6 Rad8 24. Rfd1 Nbd5 25. Bxd5 cxd5 26. Nxd5 Nxd5 27. R6xd5 Rxd5 28. Rxd5 Rc8 29. Rxb5 Rxc2 30. Ra5 f6 31. Rxa7 Kh7 32. a4 Ra2 33. a5 Kh6 34. a6 Kg5 35. Rxg7+ Kxf5 36. a7 e4 37. Re7 Kf4 38. Rh7 e3 39. Rxh4+ Ke5 40. Kf1 f5 41. Rh7 Kf4 42. Re7 Ra1+ 43. Ke2 Ra2+ 44. Kd3 Ra4 45. Rxe3 Rxa7 46. Rf3+ Kg5 47. Ke2 Ra2+ 48. Kf1 Ra1+ 49. Kf2 Ra2+ 50. Kg3 Ra4 51. Kh2 f4 52. Rf2 Ra3 53. Rb2 Kh4 54. Rb5 Ra4 55. Rf5 Rc4 56. Kg1 Kg3 57. Rg5+ Kh4 58. Rg4+ Kh5 59. Kf2 Rd4 60. Kf3 Rd3+ 61. Kxf4 Rd4+ 62. Kg3 Rd3+ 63. Kh2 Rd2 64. Rg3 Rb2 65. Rf3 Rc2 66. Re3 Rd2 67. Kg3 Ra2 68. Rf3 Ra1 69. Rf2 Ra3+ 70. Kh2 Rb3 71. g4+ Kh4 72. Kg2 Rg3+ 73. Kf1 Kxh3 74. Rf4 Kh4 75. Kf2 Rxg4 76. Rxg4+ Kxg4 1/2-1/2

[Event "Titled Tuesday intern op 29th Aug Early"]
[Site "Chess.com INT"]
[Date "2023.08.29"]
[Round "2"]
[White "Gaurav, Rajesh Zagade"]
[Black "Kuzhilniy, Oleksandr"]
[Result "1-0"]
[WhiteElo "2159"]
[BlackElo "2268"]
[PlyCount "75"]
[EventDate "2023.08.29"]
[EventType "swiss (blitz)"]
[EventRounds "11"]
[EventCountry "USA"]
[SourceTitle "EXT 2024"]
[Source "ChessBase"]
[SourceDate "2023.10.10"]
[SourceVersion "1"]
[SourceVersionDate "2023.10.10"]
[SourceQuality "1"]

1. e4 g6 2. h4 Bg7 3. h5 d6 4. d4 a6 5. h6 Bf8 6. a4 Nd7 7. Nc3 Ngf6 8. Nf3 e5 9. dxe5 dxe5 10. Bg5 Be7 11. Bc4 0-0 12. 0-0 c6 13. a5 Nh5 14. Bxe7 Qxe7 15. Qd2 Nf4 16. g3 Ne6 17. Bxe6 Qxe6 18. Rad1 Qh3 19. Qe3 Re8 20. Rd6 Nf8 21. Qg5 Ne6 22. Qxe5 Qxh6 23. Rfd1 Ng7 24. Rd8 Bg4 25. Rxa8 Rxa8 26. Qf6 Ne6 27. Ne5 Bxd1 28. Qxf7+ Kh8 29. Nxd1 Ng7 30. Qxb7 Rf8 31. Nf7+ Rxf7 32. Qxf7 Nh5 33. Ne3 Nxg3 34. Qf6+ Kg8 35. Qe6+ Kh8 36. Qe5+ Qg7 37. Qxg7+ Kxg7 38. fxg3 1-0

[Event "Titled Tuesday intern op 29th Aug Early"]
[Site "Chess.com INT"]
[Date "2023.08.29"]
[Round "10"]
[White "Gaurav, Rajesh Zagade"]
[Black "Santos Flores, Alberto Javier"]
[Result "1/2-1/2"]
[WhiteElo "2159"]
[BlackElo "2200"]
[PlyCount "93"]
[EventDate "2023.08.29"]
[EventType "swiss (blitz)"]
[EventRounds "11"]
[EventCountry "USA"]
[SourceTitle "EXT 2024"]
[Source "ChessBase"]
[SourceDate "2023.10.10"]
[SourceVersion "1"]
[SourceVersionDate "2023.10.10"]
[SourceQuality "1"]

1. e4 e6 2. d4 d5 3. Bd3 dxe4 4. Bxe4 Nf6 5. Bf3 Bd6 6. Ne2 0-0 7. 0-0 e5 8. Bg5 Nbd7 9. Nbc3 h6 10. Bh4 Re8 11. Re1 g5 12. dxe5 Nxe5 13. Bg3 Nxf3+ 14. gxf3 Bf5 15. Nd4 Bg6 16. Rxe8+ Qxe8 17. Ndb5 Bxg3 18. hxg3 Qc6 19. Nd4 Qc4 20. Nb3 Re8 21. Qd4 Qxd4 22. Nxd4 c5 23. Ndb5 a6 24. Nd6 Re7 25. Nce4 Nxe4 26. fxe4 Bxe4 27. Re1 f5 28. Nxf5 Re6 29. Nxh6+ Rxh6 30. Rxe4 Rd6 31. Re2 Kf7 32. Kg2 Kf6 33. f4 gxf4 34. gxf4 Rd1 35. Kf3 b5 36. Ke3 Kf5 37. Rd2 Rxd2 38. Kxd2 Kxf4 39. Kd3 Ke5 40. c4 b4 41. Ke3 Kf5 42. Kf3 a5 43. b3 Ke5 44. Ke3 Kf5 45. Kf3 Ke5 46. Ke3 Kf5 47. Kf3 1/2-1/2